[Event "Blitz KO (Mar 2017) 1400-1799"]
[Site "SchemingMind.com"]
[Date "2017.03.27"]
[Round "-"]
[White "Ronald R. Nurmi"]
[Black "Wojtek26"]
[Result "1-0"]
[WhiteCountry "USA"]
[BlackCountry "POL"]
[WhiteElo "1769"]
[WhiteRD "93"]
[BlackElo "1580"]
[BlackRD "50"]
[GameID "412196"]

1. d4 d5 2. Bf4 Nf6 3. e3 e6 4. Nd2 Bd6 5. Bg3 O-O 6. Bd3 Bxg3 7. hxg3 h6 8. g4 Nh7 9. Ngf3 Nf6 10. Ne5 Nbd7
11. Qf3 Nxe5 12. dxe5 Nd7 13. Qg3 c5 14. c3 c4 15. Bc2 Nc5 16. O-O-O Qa5 17. g5 Nd3+ 18. Kb1 Qb5 19. Bxd3 cxd3 20. Rxh6 Qa4
21. Nb3 f5 22. gxf6 Rf7 23. Qg6 Kf8 24. Rh8#
1-0

[Event "Blitz KO (Mar 2017) 1400-1799"]
[Site "SchemingMind.com"]
[Date "2017.03.27"]
[Round "-"]
[White "Wojtek26"]
[Black "Ronald R. Nurmi"]
[Result "0-1"]
[WhiteCountry "POL"]
[BlackCountry "USA"]
[WhiteElo "1567"]
[WhiteRD "50"]
[BlackElo "1753"]
[BlackRD "91"]
[GameID "412197"]

1. d4 d5 2. Nc3 Nf6 3. g3 Bf5 4. Bg2 e6 5. Bg5 Be7 6. e3 h6 7. Bxf6 Bxf6 8. Nge2 O-O 9. O-O c6 10. a3 a5
11. a4 Nd7 12. Nf4 Be7 13. Na2 Nb6 14. b3 Rc8 15. Nc1 Nd7 16. Bh3 Bxh3 17. Nxh3 Nf6 18. Nd3 Ne4 19. f3 Ng5 20. Nxg5 Bxg5
21. f4 Be7 22. Qg4 Bf6 23. Ne5 Bxe5 24. fxe5 Rc7 25. Rf2 b6 26. Qf4 Rd7 27. Raf1 Qc7 28. Qg4 Qd8 29. Qe2 Qc8 30. Qa6 Qxa6
0-1

[Event "Blitz KO (Mar 2017) 1400-1799"]
[Site "SchemingMind.com"]
[Date "2017.04.03"]
[Round "-"]
[White "Clive Everill"]
[Black "Iucounu"]
[Result "1-0"]
[WhiteCountry "CZE"]
[BlackCountry "ENG"]
[WhiteElo "1728"]
[WhiteRD "59"]
[BlackElo "1582"]
[BlackRD "76"]
[GameID "412439"]

1. e4 Nf6 2. e5 Nd5 3. d4 d6 4. Nf3 Bg4 5. Be2 e6 6. O-O Be7 7. c4 Nb6 8. h3 Bh5 9. Nc3 O-O 10. Be3 d5
11. c5 Bxf3 12. gxf3 Nc8 13. b4 a6 14. f4 Nc6 15. Kh2 b5 16. Rg1 g6 17. a3 f5 18. Bh5 Kh8 19. Bxg6 hxg6 20. Rxg6 Rf7
21. Rxe6 Qd7 22. Qh5+ Rh7 23. Qxf5 Bh4 24. Rg1 N8e7 25. Qg4 Rg8 26. Rxe7 Rxg4 27. Rxd7 Rxg1 28. Rxh7+ Kxh7 29. Kxg1 Ne7 30. Ne2 Nf5
31. Kg2 Nxe3+ 32. fxe3 Kg6 33. Kf3
1-0

[Event "Blitz KO (Mar 2017) 1400-1799"]
[Site "SchemingMind.com"]
[Date "2017.04.03"]
[Round "-"]
[White "Iucounu"]
[Black "Clive Everill"]
[Result "1-0"]
[WhiteCountry "ENG"]
[BlackCountry "CZE"]
[WhiteElo "1582"]
[WhiteRD "76"]
[BlackElo "1728"]
[BlackRD "59"]
[GameID "412440"]

1. e4 e5 2. Nf3 Nc6 3. Bb5 f5 4. Nc3 fxe4 5. Nxe4 Nf6 6. Qe2 d5 7. Nxf6+ gxf6 8. d4 e4 9. Nd2 Bd7 10. c3 a6
11. Bxc6 Bxc6 12. Qh5+ Ke7 13. Nb3 b6 14. g4 Be8 15. Qh4 Qd7 16. g5 Bg7 17. gxf6+ Bxf6 18. Bg5 Qf5 19. Bxf6+ Qxf6 20. Qxf6+ Kxf6
21. Ke2 Bb5+ 22. Ke3 Rhg8 23. Rag1 Bc4 24. Nc1 Bb5 25. Ne2 a5 26. Rxg8 Rxg8 27. Rg1 Rc8 28. Nf4 c6 29. Rg3 Rc7 30. b3 c5
31. Nxd5+ Kf5 32. Nxc7 Bd3 33. dxc5 bxc5 34. Rg1 h5 35. a3 Bc2 36. b4 cxb4 37. cxb4 axb4 38. axb4 Ba4 39. b5 h4 40. Rc1 Kg4
41. b6
1-0

[Event "Blitz KO (Mar 2017) 1400-1799"]
[Site "SchemingMind.com"]
[Date "2017.04.14"]
[Round "-"]
[White "emvarela"]
[Black "berns"]
[Result "1-0"]
[WhiteCountry "ARG"]
[BlackCountry "ENG"]
[WhiteElo "1748"]
[WhiteRD "60"]
[BlackElo "1669"]
[BlackRD "72"]
[GameID "412867"]

1. e4 e5 2. Nf3 Nc6 3. Bb5 d6 4. d4 exd4 5. Qxd4 Bd7 6. Bxc6 Bxc6 7. Nc3 Nf6 8. Bg5 Be7 9. Nd5 Bxd5 10. exd5 h6
11. Bxf6 Bxf6 12. Qe3+ Qe7 13. Qxe7+ Bxe7 14. O-O-O O-O 15. Rhe1 Rfe8 16. h4 c6 17. dxc6 bxc6 18. g4 f6 19. Nd4 c5 20. Nf5 Kf7
21. Rxd6 Bxd6 22. Nxd6+ Kf8 23. Nxe8 Rxe8 24. Rxe8+ Kxe8 25. Kd2 Kd7 26. Kd3 Kd6 27. f4 g6 28. Ke4 Ke6 29. f5+ gxf5+ 30. gxf5+ Kd6
31. c4 h5 32. a3 Kc6 33. b4 a6 34. Kd3 Kb6 35. bxc5+ Kxc5 36. Kc3 a5 37. a4 Kc6 38. Kd4 Kc7 39. Kd5 Kd7 40. c5 Ke7
41. c6 Kd8 42. Kd6 Kc8 43. c7 Kb7 44. Kd7 Ka6 45. c8=Q+ Ka7 46. Qc6 Kb8 47. Qb5+ Ka7 48. Kc7
1-0

[Event "Blitz KO (Mar 2017) 1400-1799"]
[Site "SchemingMind.com"]
[Date "2017.04.14"]
[Round "-"]
[White "berns"]
[Black "emvarela"]
[Result "1/2-1/2"]
[WhiteCountry "ENG"]
[BlackCountry "ARG"]
[WhiteElo "1669"]
[WhiteRD "72"]
[BlackElo "1748"]
[BlackRD "60"]
[GameID "412868"]

1. d4 Nf6 2. c4 e6 3. Nc3 Bb4 4. Qc2 O-O 5. f3 c5 6. dxc5 Bxc5 7. Bg5 h6 8. Bh4 Qb6 9. Na4 Qa5+ 10. Nc3 Bb4
11. a3 Bxc3+ 12. Qxc3 Qxc3+ 13. bxc3 g5 14. Bg3 Nc6 15. e4 d5 16. cxd5 exd5 17. e5 Nh5 18. Rd1 Nxg3 19. hxg3 Be6 20. f4 Kg7
21. Bb5 a6 22. Bxc6 bxc6 23. Nh3 g4 24. Nf2 f5 25. Nd3 Rf7 26. Kd2 Rb8 27. Kc2 d4 28. Rb1 Rxb1 29. Rxb1 dxc3 30. Rb6 Bd5
31. Rxa6= Bxg2 32. Kxc3 h5 33. Ne1 Be4 34. a4 Rb7 35. Nd3 Bxd3 36. Kxd3 Rb3+ 37. Ke2 Rxg3 38. Rxc6 Ra3 39. Rc7+ Kg8 40. Rc8+ Kf7
41. Ra8 h4 42. Ra7+ Ke6 43. Ra6+ Ke7 44. Ra7+ Ke6 45. Ra6+ Ke7 46. Ra7+ Ke6
1/2-1/2

[Event "Blitz KO (Mar 2017) 1400-1799"]
[Site "SchemingMind.com"]
[Date "2017.04.18"]
[Round "-"]
[White "Scooter"]
[Black "Wojciech  Langer"]
[Result "1/2-1/2"]
[WhiteCountry "USA"]
[BlackCountry "INT"]
[WhiteElo "1707"]
[WhiteRD "53"]
[BlackElo "1679"]
[BlackRD "84"]
[GameID "413030"]

1. d4 f5 2. Nf3 g6 3. Bf4 Bg7 4. Be5 Nf6 5. e3 d5 6. Nbd2 Nc6 7. Bb5 Bd7 8. Bxc6 Bxc6 9. O-O Qd7 10. c4 dxc4
11. Nxc4 O-O 12. Rc1 b6 13. Qc2 Bb7 14. Bxf6 exf6 15. Qb3 Kh8 16. Nfd2 Qd5 17. Nf3 Rfe8 18. Ncd2 Rac8 19. Qxd5 Bxd5 20. b3 Bf8
21. Nc4 b5 22. Ncd2 c6 23. Nb1 a5 24. Rc2 Rc7 25. Rfc1 b4 26. Nbd2 Rec8 27. Nc4 Be4 28. Rd2 Ra7 29. Ne1 Ra6 30. f3 Bd5
31. Rdc2 c5 32. dxc5 Rxc5 33. Nd3 Rcc6 34. Nf4 Bf7 35. Nb2 Rxc2 36. Rxc2 Kg7 37. Rc7 Kg8 38. Nc4 Bd6 39. Nxd6 Rxd6 40. Ra7 Rd1+
41. Kf2 Rd2+ 42. Kg3 Rxa2 43. Ra8+ Kg7 44. Ra7 Kg8 45. Ra8+ Kg7 46. Ra7 Kg8 47. Ra8+
1/2-1/2

[Event "Blitz KO (Mar 2017) 1400-1799"]
[Site "SchemingMind.com"]
[Date "2017.04.18"]
[Round "-"]
[White "Wojciech  Langer"]
[Black "Scooter"]
[Result "0-1"]
[WhiteCountry "INT"]
[BlackCountry "USA"]
[WhiteElo "1679"]
[WhiteRD "84"]
[BlackElo "1707"]
[BlackRD "53"]
[GameID "413031"]

1. Nf3 Nf6 2. g3 g6 3. Bg2 Bg7 4. O-O O-O 5. Re1 b6 6. d3 Bb7 7. e4 d6 8. c3 e5 9. Be3 Nbd7 10. b4 Re8
11. a4 c6 12. c4 d5 13. Nbd2 dxe4 14. dxe4 c5 15. Rb1 Nxe4 16. bxc5 Nc3 17. Qc2 Nxb1 18. Qxb1 Nxc5 19. Bxc5 Bxf3 20. Bxf3 Qxd2
21. Bxa8 Rxa8 22. Be3 Qd6 23. Rd1 Qe7 24. Rd5 Qa3 25. Bc1 Qxa4 26. Qd3 Qa1 27. Qd2 Re8 28. Kg2 Qb1 29. Qe3 Qc2 30. c5 bxc5
31. Rxc5 Qa4 32. Bd2 e4 33. Ra5 Qc2 34. Rxa7 Rd8 35. Bc1 Bd4 36. Qf4 Bxa7
0-1

[Event "Blitz KO (Mar 2017) 1400-1799"]
[Site "SchemingMind.com"]
[Date "2017.04.20"]
[Round "-"]
[White "Mitch The Man"]
[Black "CapuzziG"]
[Result "0-1"]
[WhiteCountry "USA"]
[BlackCountry "ITA"]
[WhiteElo "1428"]
[WhiteRD "59"]
[BlackElo "1776"]
[BlackRD "66"]
[GameID "413102"]

1. e4 Nf6 2. Bd3 e5 3. Nf3 Nc6 4. a3 Bc5 5. h3 d6 6. O-O Be6 7. c3 O-O 8. b4 Bb6 9. Bc2 Ne7 10. d3 Rc8
11. Ng5 Ng6 12. Nxe6 fxe6 13. g3 Kh8 14. Bb3 d5 15. Qe2 c6 16. Bg5 Qe8 17. Bxf6 gxf6 18. exd5 exd5 19. Qf3 f5 20. Qe2 Rc7
21. Ra2 Rg7 22. b5 Nf4 23. Qf3 Nxh3+ 24. Kh2 Ng5 25. Qg2 Qh5+ 26. Kg1 Nf3+
0-1

[Event "Blitz KO (Mar 2017) 1400-1799"]
[Site "SchemingMind.com"]
[Date "2017.04.20"]
[Round "-"]
[White "CapuzziG"]
[Black "Mitch The Man"]
[Result "1-0"]
[WhiteCountry "ITA"]
[BlackCountry "USA"]
[WhiteElo "1770"]
[WhiteRD "68"]
[BlackElo "1422"]
[BlackRD "60"]
[GameID "413103"]

1. Nf3 Nc6 2. c4 f6 3. d4 e6 4. e4 Bb4+ 5. Nc3 Bxc3+ 6. bxc3 Nge7 7. Be2 O-O 8. O-O a6 9. Ne1 d5 10. cxd5 exd5
11. exd5 Qxd5 12. Be3 Kh8 13. Nd3 Qd8 14. Nc5 Nd5 15. Rc1 b6 16. Ne4 Nxe3 17. fxe3 Ne7 18. Bd3 Be6 19. Qh5 Bf7 20. Qh4 Ng6
21. Qh3 Bxa2 22. Ng3 Qe8 23. Nh5 Bf7 24. Rxf6 gxf6 25. Nxf6
1-0

[Event "Blitz KO (Mar 2017) 1400-1799"]
[Site "SchemingMind.com"]
[Date "2017.04.21"]
[Round "-"]
[White "Quaff"]
[Black "ray winteringham"]
[Result "1-0"]
[WhiteCountry "ENG"]
[BlackCountry "ENG"]
[WhiteElo "1651"]
[WhiteRD "63"]
[BlackElo "1500"]
[BlackRD "51"]
[GameID "413114"]

1. e4 c5 2. f4 Nc6 3. Nf3 d5 4. e5 e6 5. Bb5 Bd7 6. Bxc6 Bxc6 7. O-O g6 8. c3 Bg7 9. d4 c4 10. b4 Ne7
11. a4 O-O 12. b5 Bd7 13. Ba3 Nf5 14. Bxf8 Ne3 15. Qe2 Nxf1 16. Bxg7 Ng3 17. hxg3 Kxg7 18. Nbd2 Qa5 19. Nxc4 dxc4 20. Qxc4 Rc8
21. Qb4 b6 22. Qxa5 bxa5 23. Ra3 Kh8 24. Ng5 Kg7 25. Ne4 h5 26. Nd6 Rc7 27. c4 f6 28. c5 fxe5 29. fxe5 Kh6 30. b6 axb6
31. cxb6 Rc6 32. b7 Rb6 33. Rc3 Bxa4 34. Rc8
1-0

[Event "Blitz KO (Mar 2017) 1400-1799"]
[Site "SchemingMind.com"]
[Date "2017.04.21"]
[Round "-"]
[White "ray winteringham"]
[Black "Quaff"]
[Result "1-0"]
[WhiteCountry "ENG"]
[BlackCountry "ENG"]
[WhiteElo "1500"]
[WhiteRD "51"]
[BlackElo "1651"]
[BlackRD "63"]
[GameID "413115"]

1. e4 e5 2. Nf3 d6 3. h3 Nf6 4. Nc3 Be7 5. d3 h6 6. Be2 Nc6 7. O-O a6 8. Be3 b5 9. a3 Be6 10. b3 Nh7
11. Nh2 Bg5 12. Bd2 Qd7 13. Bg4 f5 14. Bh5+ Bf7 15. Bxf7+ Qxf7 16. Nd5 f4 17. f3 O-O 18. a4 Nd4 19. Ba5 Bd8 20. Bb4 c5
21. Bc3 b4 22. Bxd4 cxd4 23. a5 Nf6 24. Nxf6+ Bxf6 25. Qe1 Rab8 26. Ra4 Qb7 27. Ng4 Bd8 28. g3 Kh7 29. gxf4 Rxf4 30. Kh2 Qb5
31. Qg3 Bxa5 32. Rg1 Bd8 33. Nxh6 Qd7 34. Qg6+ Kh8 35. Rxa6 gxh6 36. Qg8#
1-0

[Event "Blitz KO (Mar 2017) 1400-1799"]
[Site "SchemingMind.com"]
[Date "2017.04.28"]
[Round "-"]
[White "kenneth m day"]
[Black "Scooter"]
[Result "1/2-1/2"]
[WhiteCountry "USA"]
[BlackCountry "USA"]
[WhiteElo "1669"]
[WhiteRD "57"]
[BlackElo "1708"]
[BlackRD "53"]
[GameID "413346"]

1. e4 c6 2. c4 d5 3. cxd5 cxd5 4. exd5 Qxd5 5. Nc3 Qd8 6. d4 Nf6 7. Bc4 g6 8. Qb3 e6 9. Nf3 Nc6 10. Bg5 Bg7
11. O-O O-O 12. Rad1 Na5 13. Qb4 Nxc4 14. Qxc4 a6 15. Ne5 b5 16. Qc5 Bb7 17. Rfe1 Rc8 18. Qa7 Qc7 19. Bxf6 Bxf6 20. Qc5 Rfd8
21. Qxc7 Rxc7 22. a3 Be7 23. Ne4 Bxe4 24. Rxe4 Bf6 25. f4 Bxe5 26. Rxe5 Rc2 27. d5 Rxb2 28. d6 Rc2 29. Re3 Kf8 30. Red3 f6
31. d7 Rc7 32. Rd6 Ke7 33. Rxa6 Rdxd7 34. Rxd7+ Rxd7 35. Rb6 h5 36. Rxb5 Ra7 37. Rb3 Kd6 38. Kf2 Ra4 39. Kf3 e5 40. fxe5+ Kxe5
41. Re3+ Kf5 42. Rc3 g5 43. g3 g4+ 44. Ke3 Kg5 45. Rc5+ f5 46. Rc3 h4 47. Kf2 hxg3+ 48. hxg3 Ra5 49. Rd3 f4=
1/2-1/2

[Event "Blitz KO (Mar 2017) 1400-1799"]
[Site "SchemingMind.com"]
[Date "2017.04.28"]
[Round "-"]
[White "Scooter"]
[Black "kenneth m day"]
[Result "1-0"]
[WhiteCountry "USA"]
[BlackCountry "USA"]
[WhiteElo "1708"]
[WhiteRD "53"]
[BlackElo "1669"]
[BlackRD "57"]
[GameID "413347"]

1. d4 Nf6 2. Nf3 g6 3. Bf4 Bg7 4. e3 d6 5. Be2 O-O 6. O-O b6 7. Nbd2 Bb7 8. h3 Nbd7 9. c4 e5 10. dxe5 dxe5
11. Nxe5 Nxe5 12. Bxe5 Re8 13. Bxf6 Qxf6 14. Rb1 Qg5 15. Bf3 Bxf3 16. Nxf3 Qc5 17. b3 a5 18. Qd5 Qxd5 19. cxd5 Rad8 20. Rbd1 Re7
21. Rd3 Red7 22. Rfd1 c6 23. e4 cxd5 24. exd5 Bf8 25. Ne5 Rd6 26. Nc4 Rf6 27. d6 b5 28. Nxa5 Rfxd6 29. Rxd6 Rxd6 30. Rxd6 Bxd6
31. Nc6 Ba3 32. Nd4 b4 33. Nc2 f5 34. Nxa3 bxa3 35. f4 Kf7 36. Kf2 Ke6 37. Ke3 Kd5 38. Kd3 Kc5 39. Kc3 h6 40. b4+ Kd5
41. Kb3 g5 42. g3 gxf4 43. gxf4 h5 44. Kxa3 Kc6 45. Kb3 Kb5 46. a4+
1-0

[Event "Blitz KO (Mar 2017) 1400-1799"]
[Site "SchemingMind.com"]
[Date "2017.05.02"]
[Round "-"]
[White "Ronald R. Nurmi"]
[Black "CapuzziG"]
[Result "1/2-1/2"]
[WhiteCountry "USA"]
[BlackCountry "ITA"]
[WhiteElo "1735"]
[WhiteRD "87"]
[BlackElo "1759"]
[BlackRD "69"]
[GameID "413546"]

1. d4 d5 2. Bf4 Nf6 3. e3 c5 4. c3 Bf5 5. Bd3 Qc8 6. Nf3 Nc6 7. h3 h6 8. O-O g5 9. Bh2 Bg7 10. Bxf5 Qxf5
11. Nbd2 c4 12. Re1 O-O 13. Ne5 e6 14. Ndf3 Rfd8 15. Nxc6 bxc6 16. Ne5 Rdc8 17. f4 Ne4 18. Rf1 f6 19. g4 Qh7 20. Nf3 f5
21. fxg5 fxg4 22. hxg4 hxg5 23. Qe2 Rf8 24. Qg2 Qh6 25. Rac1 Rf7 26. Ne5 Rxf1+ 27. Rxf1 Bxe5 28. Bxe5 Rf8 29. Rxf8+ Kxf8 30. Qf3+ Ke7
31. Kg2 a6 32. Kg1 Qf8 33. Qg2 Qh6 34. Qh2 Qg6 35. Bb8 Qg8=
1/2-1/2

[Event "Blitz KO (Mar 2017) 1400-1799"]
[Site "SchemingMind.com"]
[Date "2017.05.02"]
[Round "-"]
[White "CapuzziG"]
[Black "Ronald R. Nurmi"]
[Result "1-0"]
[WhiteCountry "ITA"]
[BlackCountry "USA"]
[WhiteElo "1776"]
[WhiteRD "66"]
[BlackElo "1753"]
[BlackRD "91"]
[GameID "413547"]

1. d4 d5 2. c4 c6 3. Nf3 Nf6 4. cxd5 cxd5 5. Nc3 Nc6 6. Bf4 Bf5 7. e3 e6 8. Bd3 Bxd3 9. Qxd3 Be7 10. O-O O-O
11. a3 Rc8 12. Rac1 a6 13. Rc2 Nh5 14. Ne2 Nxf4 15. Nxf4 b5 16. Rfc1 Qd7 17. b4 Rc7 18. Qc3 Rfc8 19. Ne5
1-0

[Event "Blitz KO (Mar 2017) 1400-1799"]
[Site "SchemingMind.com"]
[Date "2017.05.24"]
[Round "-"]
[White "emvarela"]
[Black "Iucounu"]
[Result "1-0"]
[WhiteCountry "ARG"]
[BlackCountry "ENG"]
[WhiteElo "1802"]
[WhiteRD "56"]
[BlackElo "1597"]
[BlackRD "57"]
[GameID "414332"]

1. e4 Nf6 2. e5 Nd5 3. d4 d6 4. Nf3 Bg4 5. c4 Nb6 6. Be2 e6 7. O-O Be7 8. b3 O-O 9. h3 Bh5 10. g4 Bg6
11. exd6 cxd6 12. Bd3 Bxd3 13. Qxd3 Nc6 14. Bd2 h6 15. Bc3 Bf6 16. Nbd2 Re8 17. Ne4 Be7 18. d5 exd5 19. cxd5 Nb8 20. Qd4 f6
21. Nh4 N8d7 22. Nf5 Ne5 23. Nxe7+ Qxe7 24. f4 Nf3+ 25. Rxf3 Qxe4 26. Qxe4 Rxe4 27. Rd1 Rae8 28. f5 Re3 29. Rd3 Rxf3 30. Rxf3 Nxd5
31. Bd2 Nc7 32. Bb4 d5 33. Kf2 b6 34. Rd3 Rd8 35. Bc3 Kf7 36. a4 Na6 37. b4 Rc8 38. Bd2 Rd8 39. Bc3 d4 40. b5 Nc5
41. Rxd4 Rxd4 42. Bxd4 Nxa4 43. Kf3 Nc5 44. Bxc5 bxc5 45. Ke4 g6 46. Kd5 c4 47. Kxc4 gxf5 48. gxf5 Ke7 49. Kc5 Kd7 50. Kd5 h5
51. h4
1-0

[Event "Blitz KO (Mar 2017) 1400-1799"]
[Site "SchemingMind.com"]
[Date "2017.05.25"]
[Round "-"]
[White "Iucounu"]
[Black "emvarela"]
[Result "0-1"]
[WhiteCountry "ENG"]
[BlackCountry "ARG"]
[WhiteElo "1597"]
[WhiteRD "57"]
[BlackElo "1802"]
[BlackRD "56"]
[GameID "414333"]

1. e4 e5 2. Nc3 Nf6 3. Bc4 Bc5 4. d3 Nc6 5. Nf3 h6 6. Be3 Bxe3 7. fxe3 d6 8. O-O Ne7 9. Nd5 Nexd5 10. exd5 Bg4
11. h3 Bxf3 12. Qxf3 Qe7 13. e4 O-O 14. c3 Nh7 15. b4 a6 16. a4 Qd7 17. Qf5 Qxf5 18. Rxf5 g6 19. Rf2 f5 20. exf5 Rxf5
21. Rxf5 gxf5 22. g3 Kg7 23. a5 Rf8 24. Rf1 f4 25. Kg2 fxg3 26. Rxf8 Nxf8 27. Kxg3 Ng6 28. Bb3 Nf4 29. d4 Ne2+ 30. Kf3 Nxc3
31. dxe5 dxe5 32. Ke3 Kf6 33. Kf3 Ke7 34. Bc4 Kd6
0-1

[Event "Blitz KO (Mar 2017) 1400-1799"]
[Site "SchemingMind.com"]
[Date "2017.05.29"]
[Round "-"]
[White "ray winteringham"]
[Black "Scooter"]
[Result "0-1"]
[WhiteCountry "ENG"]
[BlackCountry "USA"]
[WhiteElo "1481"]
[WhiteRD "52"]
[BlackElo "1739"]
[BlackRD "53"]
[GameID "414507"]

1. e4 c6 2. d4 d5 3. Nc3 dxe4 4. Nxe4 Bf5 5. f3 Nd7 6. Bd3 Bxe4 7. fxe4 Qc7 8. g3 O-O-O 9. Nf3 Ngf6 10. e5 Nd5
11. a3 e6 12. O-O c5 13. c3 cxd4 14. cxd4 Be7 15. Bd2 Kb8 16. Qb3 Qb6 17. Qc2 Rc8 18. Bc3 Ne3 19. Qa4 Nxf1 20. Qxd7 Rc7
21. Qxc7+ Qxc7 22. Rxf1 Bxa3 23. d5 Bc5+
0-1

[Event "Blitz KO (Mar 2017) 1400-1799"]
[Site "SchemingMind.com"]
[Date "2017.05.29"]
[Round "-"]
[White "Scooter"]
[Black "ray winteringham"]
[Result "1-0"]
[WhiteCountry "USA"]
[BlackCountry "ENG"]
[WhiteElo "1739"]
[WhiteRD "53"]
[BlackElo "1481"]
[BlackRD "52"]
[GameID "414508"]

1. d4 g6 2. Nf3 Bg7 3. Bf4 Nf6 4. e3 d5 5. Be2 O-O 6. O-O b6 7. Nbd2 Bb7 8. c4 c6 9. cxd5 Nxd5 10. Bxb8 Rxb8
11. a3 e6 12. Rc1 Qe7 13. Nc4 Rfd8 14. Nce5 f5 15. Nxc6 Bxc6 16. Rxc6 Rbc8 17. Bb5 Rxc6 18. Bxc6 Qd6 19. Bxd5 Qxd5 20. Qc2 b5
21. Rc1 Rd6 22. Qc5 Qxc5 23. Rxc5 a6 24. Ng5 e5 25. d5 e4 26. Rc8+ Bf8 27. Ne6
1-0

[Event "Blitz KO (Mar 2017) 1400-1799"]
[Site "SchemingMind.com"]
[Date "2017.07.24"]
[Round "-"]
[White "emvarela"]
[Black "CapuzziG"]
[Result "1-0"]
[WhiteCountry "ARG"]
[BlackCountry "ITA"]
[WhiteElo "1836"]
[WhiteRD "59"]
[BlackElo "1735"]
[BlackRD "79"]
[GameID "416599"]

1. e4 Nf6 2. e5 Nd5 3. c4 Nb6 4. c5 Nd5 5. Bc4 e6 6. Nc3 c6 7. Bxd5 cxd5 8. d4 b6 9. cxb6 Qxb6 10. Nf3 Be7
11. O-O
1-0

[Event "Blitz KO (Mar 2017) 1400-1799"]
[Site "SchemingMind.com"]
[Date "2017.08.22"]
[Round "-"]
[White "emvarela"]
[Black "Scooter"]
[Result "1-0"]
[WhiteCountry "ARG"]
[BlackCountry "USA"]
[WhiteElo "1913"]
[WhiteRD "56"]
[BlackElo "1703"]
[BlackRD "54"]
[GameID "417497"]

1. f4 d6 2. e4 e5 3. fxe5 dxe5 4. Nf3 Bg4 5. Nc3 a6 6. h3 Bxf3 7. Qxf3 Nf6 8. d3 Bb4 9. Bd2 Nc6 10. a3 Bxc3
11. Bxc3 Nd4 12. Bxd4 Qxd4 13. O-O-O O-O 14. g4 Rfd8 15. Bg2 Qd7 16. Qf5 Qxf5 17. exf5 c6 18. Rhe1 Re8 19. d4 exd4 20. Rxe8+ Rxe8
21. Rxd4 g6 22. Kd2 Re7 23. fxg6 hxg6 24. g5 Nd7 25. c4 Ne5 26. Kc3 Rd7 27. Rxd7 Nxd7 28. b4 Kf8 29. Kd4 Ke7 30. a4 Kd6
31. c5+ Ke7 32. b5 Nb8 33. h4 f5 34. gxf6+ Kxf6 35. Be4 a5 36. bxc6 bxc6 37. Bg2 Kf5 38. Be4+ Kg4 39. Bxg6 Kxh4 40. Be8 Kg5
41. Ke5
1-0

[Event "Blitz KO (Mar 2017) 1400-1799"]
[Site "SchemingMind.com"]
[Date "2017.08.22"]
[Round "-"]
[White "Scooter"]
[Black "emvarela"]
[Result "1/2-1/2"]
[WhiteCountry "USA"]
[BlackCountry "ARG"]
[WhiteElo "1667"]
[WhiteRD "56"]
[BlackElo "1928"]
[BlackRD "59"]
[GameID "417498"]

1. d4 d5 2. Nf3 Nf6 3. Bf4 e6 4. e3 Bd6 5. Bxd6 Qxd6 6. c3 O-O 7. Be2 Bd7 8. O-O b6 9. Nbd2 c5 10. Qc2 cxd4
11. exd4 Nc6 12. Bb5 a6 13. Bxc6 Bxc6 14. Rfe1 h6 15. Ne5 Nd7 16. Ndf3 Bb7 17. Nxd7 Qxd7 18. Ne5 Qe7 19. Nd3 Rac8 20. Qe2 Qh4
21. Ne5 Rc7 22. Nd3 Re8 23. Nb4 a5 24. Nc2 Qe4 25. Na3 Qxe2 26. Rxe2 Ba6 27. Re3 f6 28. Rae1 Kf7 29. f4 Rce7 30. Nc2 g5
31. fxg5 hxg5 32. g4 e5 33. dxe5 Rxe5 34. Kf2 Rxe3 35. Rxe3 Rxe3 36. Kxe3 Ke6 37. Kd4 Be2 38. Ne3 Bf3 39. a4 Kd6 40. h3 Be4
41. b4 axb4 42. cxb4 Kc6 43. a5 bxa5 44. bxa5 Bf3 45. a6 Be4 46. a7 Kb7 47. Nxd5 Bg2 48. Nxf6 Bxh3 49. Ke5=
1/2-1/2